| Tag |
First Indicator |
Second Indicator |
Subfields |
| LEADER |
00000cam a2200000 a 4500 |
| 001 |
in00000891728 |
| 005 |
20150923140847.0 |
| 008 |
821109s1690 miu a 00000 eng d |
| 035 |
|
|
|a (OCoLC)08939735
|
| 035 |
|
|
|9 AEL4693AM
|
| 037 |
|
|
|a CL0037000043
|b University Microfilms International
|
| 037 |
|
|
|b University Microfilms International, 300 N. Zeeb Rd., Ann Arbor, MI 48106
|
| 040 |
|
|
|a UMI
|c UMI
|d m/c
|d UtOrBLW
|
| 049 |
|
|
|a TXAI
|
| 090 |
|
|
|a BX5087
|b .C65
|
| 099 |
|
|
|a film
|a B
|a 3609
|
| 100 |
1 |
|
|a Collier, Jeremy,
|d 1650-1726.
|
| 245 |
1 |
2 |
|a A cauton against inconsistency, or, The connexion between praying and swearing :
|b in relation to the civil powers.
|
| 264 |
|
1 |
|a [London?] :
|b [publisher not identified],
|c [1690?]
|
| 300 |
|
|
|a 8 pages
|
| 336 |
|
|
|a text
|b txt
|2 rdacontent
|
| 337 |
|
|
|a microform
|b h
|2 rdamedia
|
| 338 |
|
|
|a microfilm reel
|b hd
|2 rdacarrier
|
| 500 |
|
|
|a Caption title.
|
| 500 |
|
|
|a Attributed to Jeremy Collier--NUC pre-1956 imprints.
|
| 500 |
|
|
|a Reproduction of original in the Cambridge University Library.
|
| 510 |
4 |
|
|a Wing
|c C5246.
|
| 533 |
|
|
|a Microfilm.
|b Ann Arbor, Mich. :
|c University Microfilms International,
|d 1982.
|e 1 microfilm reel ; 35 mm.
|f (Early English books, 1641-1700 ; 1281:4)
|
| 500 |
|
|
|a Microform.
|
| 650 |
|
0 |
|a Nonjurors.
|
| 740 |
4 |
|
|a The connexion between praying and swearing.
|
| 830 |
|
0 |
|a Early English books, 1641-1700 ;
|v 1281:4.
|
| 999 |
|
|
|a MARS
|
| 999 |
f |
f |
|s 906922b5-5019-32cd-b8fb-c6cd1d6ffdfb
|i da4e01fe-a8e5-379c-9088-4f92933e7ef8
|t 0
|
| 952 |
f |
f |
|p default
|a Texas A&M University
|b College Station
|c Sterling C. Evans Library
|d Evans: Microforms (3rd floor)
|t 0
|e film B 3609 1281:4
|h Other scheme
|i microform -- microfilm reel
|
| 998 |
f |
f |
|a film B 3609 1281:4
|t 0
|l Evans: Microforms (3rd floor)
|